000 00548nam a2200181Ia 4500
003 GCL
008 140319s9999 xx 000 0 ara d
040 _aGCL /
_cGCL
082 0 4 _a823.03
_bج ض
100 1 _aصوفى عبدالله (ترجمه)
245 1 0 _aالضياع /
_cصوفى عبدالله (ترجمه)
700 1 _aجريت، جراهام
300 _a357 ص
490 _a100 قصة
_v0
650 0 4 _aالقصص الانجليزية المترجمة
650 0 4 _aالادب الانجليزى المترجم
942 _2ddc
_cBK
999 _c46708
_d46708